Les 20 villes les plus peuplées de l'Orne (61) - Statistiques

Statistiques générales
  • Ce quiz a été pris 39 fois
  • Le résultat moyen est 8 sur 20
Statistiques - réponses
HINT HINT ANSWER % Correct
25 667 A Alençon
100%
13 494 A Argentan
100%
14 308 F Flers
97%
7 771 L L'Aigle
75%
5 095 L La Ferté Macé
63%
3 857 M Mortagne-au-Perche
63%
4 182 S Sées
56%
4 131 D Domfront en Poiraie
38%
3 041 V Vimoutiers
28%
4 208 A Athis-Val de Rouvre
19%
4 850 T Tinchebray-Bocage
19%
2 989 T Tourouvre au Perche
16%
3 644 G Gouffern en Auge
13%
3 169 S Saint-Georges-des-Groseillers
13%
3 324 V Val-au-Perche
13%
2 960 L La Ferté-en-Ouche
9%
2 826 L Longny les Villages
9%
2 867 R Rives d'Andaine
9%
3 648 S Saint-Germain-du-Corbéis
9%
2 698 B Bagnoles de l'Orne Normandie
6%
Aucun quiz correspondant
Distribution des résultats
% des personnes avec chaque résultat
Percentile par nombre de réponses
Votre historique - résultats
Vous n’avez pas pris ce quiz